| 000 | 07455njm0a22005171 4500 | ||
|---|---|---|---|
| 001 | RU\NLR\ONIZ\215868 | ||
| 005 | 20250708192727.0 | ||
| 035 | _a(NLR Aleph) 011338220 | ||
| 035 | _aRU\NLR\ONIZ\GALA\5000029426\20161130124846 | ||
| 071 | 0 | 0 | _aSMC CD 0150 |
| 090 |
_a13283434 _c13283434 |
||
| 100 | _a20161130d2013 |||y0rusy50 ca | ||
| 102 | _aRU | ||
| 126 |
_aaguxjxu ux _bxxx |
||
| 127 | _a000068 | ||
| 135 | _ahonoannnanndn | ||
| 200 | 1 |
_a[Поет] Луиз Маршалл, сопрано _bЗвукозапись _fпартия фп. У. Килберн |
|
| 210 |
_aМосква _cМосковская государственная консерватория _d2013 |
||
| 215 |
_a1 зв.диск (68 мин), в футл. _eприл. (11 с.) |
||
| 300 | _aЗапись 1962г. | ||
| 327 | 1 |
_a1. Misera, dove son! : сцена и ария : K 369 / В. А. Моцарт. _a2. Весеннее утро : (1886) / Г. Малер ; сл. Р. Леандера ; _a3. В полночь : (1901) / Г. Малер ; сл. Ф. Рюккерта ; _a4. Не увидеться вновь : (1892) / Г. Малер ; сл. из "Волшебного рога мальчика". _a5. Романс Маргариты : (Любовь меня сжигает) : из драматической легенды "Осуждение Фауста", ч. 4 № 15 : op. 24 / Г. Берлиоз. _a6. Любовь поэта : вокальный цикл на стихи Г. Гейне / Р. Шуман. _a7. Hark! The Echoing Air a Triumph Sings : Ария из оперы "Королева фей" (5 акт, № 48) : Z. 629 / Г. Пёрселл. _a8. Ария Лиу : из оперы "Турандот", (3д. сцена 1) / Д. Пуччини. _a9. Polo : из цикла "Семь испанских народных песен" / М. де Фалья. _a10. Хей-хо, хей-хай! : из цикла обработки нар. песен (т.2 № 8) / Б. Бриттен |
|
| 464 | 0 |
_12001#$aMisera, dove son!$eсцена и ария$eK 369$fВ. А. Моцарт _1686##$aЩ943.1-042(4А)$vLBC/SL$2rubbk _1700#1$9z01790$aМоцарт$bВ. А.$gВольфганг Амадей$f1756-1791$4230 _1790#1$9z01700$aMozart$bW. A.$gWolfgang Amadeus$f1756-1791$4230 _tMisera, dove son! _aМоцарт, Вольфганг Амадей (1756-1791) |
|
| 464 | 0 |
_12001#$aВесеннее утро$e(1886)$fГ. Малер$gсл. Р. Леандера _1686##$aЩ943.1-043.3(4Г)$vLBC/SL$2rubbk _1700#1$9z01790$aМалер$bГ.$gГустав$f1860-1911$3RU\NLR\AUTH\7718194$4230 _1702#1$9z02790$aФолькман$bР. фон$f1830-1889$gРихард фон$3RU\NLR\AUTH\770216654$4070 _1790#1$9z01700$aMahler$bG.$gGustav$f1860-1911$3RU\NLR\AUTH\7718194$4230 _1790#1$9z02702$aVolkmann-Leander$bR. von$f1830-1889$gRichard von$3RU\NLR\AUTH\770255813$4070 _tВесеннее утро _aМалер, Густав (1860-1911) |
|
| 464 | 0 |
_12001#$aВ полночь$e(1901)$fГ. Малер$gсл. Ф. Рюккерта _1686##$aЩ943.1-043.3(4Г)$vLBC/SL$2rubbk _1700#1$9z01790$aМалер$bГ.$gГустав$f1860-1911$3RU\NLR\AUTH\7718194$4230 _1702#1$9z02790$aРюкерт$bФ.$gФридрих$f1788-1866$4520 _1790#1$9z01700$aMahler$bG.$gGustav$f1860-1911$3RU\NLR\AUTH\7718194$4230 _1790#1$9z02702$aRückert$bF.$gFriedrich$cpoet$f1788-1866$4520 _tВ полночь _aМалер, Густав (1860-1911) |
|
| 464 | 0 |
_12001#$aНе увидеться вновь$e(1892)$fГ. Малер$gсл. из "Волшебного рога мальчика" _1686##$aЩ943.1-043.3(4Г)$vLBC/SL$2rubbk _1700#1$9z01790$aМалер$bГ.$gГустав$f1860-1911$3RU\NLR\AUTH\7718194$4230 _1790#1$9z01700$aMahler$bG.$gGustav$f1860-1911$3RU\NLR\AUTH\770218884$4230 _tНе увидеться вновь _aМалер, Густав (1860-1911) |
|
| 464 | 0 |
_12001#$aРоманс Маргариты$e(Любовь меня сжигает)$eиз драматической легенды "Осуждение Фауста", ч. 4 № 15$eop. 24$fГ. Берлиоз _150000$aОсуждение Фауста$iария маргариты$lдраматическая легенда$rмеццо-сопрано, оркестр _1686##$aЩ943.1-071(4Фр)$vLBC/SL$2rubbk _1700#1$9z01790$aБерлиоз$bГ. (. Э.$gГектор (Луи-Эктор)$f1803 - 1869$3RU\NLR\AUTH\779324$4230 _1790#1$9z01700$aBerlioz$bL. H.$gLouis-Hector$f1863-1869$3RU\NLR\AUTH\779324$4230 _tРоманс Маргариты _aБерлиоз, Гектор (Луи-Эктор) (1803 - 1869) |
|
| 464 | 0 |
_12001#$aЛюбовь поэта$eвокальный цикл на стихи Г. Гейне$fР. Шуман _1686##$aЩ943.1-043.2(4Г)$vLBC/SL$2rubbk _1700#1$9z01790$aШуман$bР.$gРоберт$f1810-1856$3RU\NLR\AUTH\7718177$4230 _1702#1$9z07790$aГейне$bГ.$gГенрих$f1797-1856$4520 _1790#1$9z01700$aSchumann$bR.$gRobert$f1810-1856$3RU\NLR\AUTH\7718177$4230 _1790#1$9z07702$aHeine$bH.$gHeinrich$f1797-1856$4520 _tЛюбовь поэта _aШуман, Роберт (1810-1856) |
|
| 464 | 0 |
_12001#$aHark! The Echoing Air a Triumph Sings$eАрия из оперы "Королева фей" (5 акт, № 48)$eZ. 629$fГ. Пёрселл _150000$aКоролева фей$iАрия$bЗвукозапись$h№ 48 акт 5$lопера$rсопрано и фп. _1686##$aЩ943.1-071(4Вл)$vLBC/SL$2rubbk _1700#1$9z01790$aПёрселл$bГ.$gГенри$fок. 1659-1695$4230 _1790#1$9z01700$aPurcell$bH.$gHenry$fc. 1659-1695$4230 _tHark! The Echoing Air a Triumph Sings _aПёрселл, Генри (ок. 1659-1695) |
|
| 464 | 0 |
_12001#$aАрия Лиу$eиз оперы "Турандот", (3д. сцена 1)$fД. Пуччини _150000$aТурандот$iАрия Лиу$bЗвукозапись$h3 д.$lопера$rсопрано и фп. _1686##$aЩ943.1-071(4Ит)$vLBC/SL$2rubbk _1700#1$9z01790$aПуччини$bД.$gДжакомо$f1858 - 1924$4230 _1790#1$9z01700$aPuccini$bG.$gGiacomo$f1858 - 1924$4230 _tАрия Лиу _aПуччини, Джакомо (1858 - 1924) |
|
| 464 | 0 |
_12001#$aPolo$eиз цикла "Семь испанских народных песен"$fМ. де Фалья _1686##$aЩ943.1-043.3(4Ис)$vLBC/SL$2rubbk _1700#1$9z01790$aФалья$bМ.д$gМануэль де$f1876-1946$4230 _1790#1$9z01700$aFalla$bM.de$gManuel de$f1876-1946$4230 _tPolo _aФалья, Мануэль де (1876-1946) |
|
| 464 | 0 |
_12001#$aХей-хо, хей-хай!$eиз цикла обработки нар. песен (т.2 № 8)$fБ. Бриттен _1686##$aЩ943.1-092(4Вл)$vLBC/SL$2rubbk _1700#1$9z02790$aБриттен$bБ.(Э.)$gБенджамин (Эдвард)$f1913-1976$4230 _1790#1$9z02700$aBritten$bB.(E.)$gBenjamin (Edward)$f1913-1976$4230 _tХей-хо, хей-хай! _aБриттен, Бенджамин (Эдвард) (1913-1976) |
|
| 606 | 1 |
_aИсполнительское искусство вокалисты _xЗвукозапись _yКанада _z20 в. _2nlr_sh |
|
| 686 |
_aЩ943.1, 8(3) _vLBC/SL _2rubbk |
||
| 700 | 1 |
_9z02790 _aМаршал _bЛ. _f1924-1997 _gЛуиз _4590 |
|
| 702 | 1 |
_9z03790 _aКилберн _bУ. _f1906-1986 _gУилдон _4590 _4kfp |
|
| 790 | 1 |
_9z02700 _aMarshall _bL. _f1924-1997 _gLois _4590 |
|
| 790 | 1 |
_9z03702 _aKilburn _bW. _f1906-1986 _gWeldon _4590 _4kfp |
|
| 801 | 0 |
_aRU _bNLR _c20161130 _gPSBO |
|
| 801 | 1 |
_aRU _bNLR _c20161130 _2rusmarc |
|
| 801 | 2 |
_aRU _bNLR _c20161202 |
|
| 852 |
_aNLR _bМг _jД/2083 _p4247 _t1 |
||
| 942 | _cREC | ||
| 980 | _aNB | ||
| 980 | _aONIZ | ||